| 000 | 00653nam a2200145Ia 4500 | ||
|---|---|---|---|
| 008 | 220216s9999 xx 000 0 und d | ||
| 100 | _aJacob J | ||
| 245 | 4 | _aThe Kyoto protocol and the Indian natural rubber sector | |
| 260 | _bIn: Structural Infirmities in Indias Plantation Sector Natural Rubber and Spices: Report Prepared for MInistry of Commerce and Industry,Government of India. (Eds. K.J. Joseph and P.S. George). Centre for Development Studies, Thiruvananthapuram, India, pp. 219-226. | ||
| 500 | _aSource Year: 2010 | ||
| 650 | _aCDM | ||
| 650 | _aKyoto protocol | ||
| 856 | _uReproduced from Planters Chronicle, 103(6) 2007 | ||
| 942 | _cJS | ||
| 999 |
_c70815 _d70815 |
||